01125nam a22002894a 4500001001200000003000800012006001900020007001500039008004100054010001700095020002600112020002200138040002100160035002000181050002800201082001900229100002500248245006500273260006800338300001500406504006400421533015200485650002600637655002900663710001700692856012600709ebr10023542CaPaEBRm u cr cn|||||||||020412s2002 enk sb 001 0 eng  z 2002067371 z0521806224 (hardback) z0521521661 (pbk.) aCaPaEBRcCaPaEBR a(OCoLC)5621307114aKBM3119.A36bS35 2002eb04a296.3/69762211 aSchiff, Daniel,cDr.10aAbortion in Judaismh[electronic resource] /cDaniel Schiff. aCambridge, UK ;aNew York :bCambridge University Press,c2002. aix, 288 p. aIncludes bibliographical references (p. 275-284) and index. aElectronic reproduction.bPalo Alto, Calif. :cebrary,d2013.nAvailable via World Wide Web.nAccess may be limited to ebrary affiliated libraries. 0aAbortion (Jewish law) 7aElectronic books.2local2 aebrary, Inc.40uhttp://site.ebrary.com/lib/rucke/Doc?id=10023542zAn electronic book accessible through the World Wide Web; click to view